| 000 | 00674nam a2200265Ia 4500 | ||
|---|---|---|---|
| 001 | 9417 | ||
| 005 | 20240113234205.0 | ||
| 007 | ta | ||
| 008 | 050725s1948 g b000 u asm u | ||
| 040 | _aCotton College,Assam | ||
| 041 | _aasm | ||
| 082 |
_a891.41 _bSa 83 Sa |
||
| 100 | _aSattar, Abdus. | ||
| 245 | 0 |
_aSahityika / _cAbdus Sattar. _hTextual Documents |
|
| 250 | _a1st ed. / | ||
| 260 |
_aCalcatta : _bMohan Library , _c1948. |
||
| 300 |
_a89p. ; _c21cm. |
||
| 653 | _aAssamese Essay-Literature | ||
| 653 | _aAssamese Literature | ||
| 653 | _aMS-Assamese | ||
| 653 | _aMS-Assamese | ||
| 942 |
_2ddc _cBK |
||
| 999 |
_c9404 _d9404 |
||